| 000 | 00476nam a2200193Ia 4500 | ||
|---|---|---|---|
| 008 | 170918s9999 xx 000 0 und d | ||
| 020 | _a439239230 | ||
| 050 | _bC623 1963 | ||
| 100 | _aClearly, Beverly | ||
| 245 | _aOtis spofford / | ||
| 245 | _cBeverly Clearly ; illustrated by Louis Darling. | ||
| 260 | _aNew York : | ||
| 260 | _bScholastic, | ||
| 260 | _c1963 | ||
| 300 | _a191 pages : | ||
| 300 | _bcolored illustration ; | ||
| 300 | _c19cm. | ||
| 500 | _a720 | ||
| 999 |
_c342030 _d342030 |
||